Energy Extraction from RF/ Microwave Signal (Record no. 590064)
[ view plain ]
| 000 -LEADER | |
|---|---|
| fixed length control field | 00541nam a22001817a 4500 |
| 003 - CONTROL NUMBER IDENTIFIER | |
| control field | NUST |
| 038 ## - RECORD CONTENT LICENSOR | |
| Staff Name | Nusrat Nadeem |
| 040 ## - CATALOGING SOURCE | |
| Transcribing agency | Central Library |
| 082 ## - DEWEY DECIMAL CLASSIFICATION NUMBER | |
| Classification number | BEE-5 AYE |
| 100 ## - MAIN ENTRY--PERSONAL NAME | |
| Personal name | Ayesha Rehman , Nida Khalil,Uzma Batool. |
| 9 (RLIN) | 91950 |
| 245 ## - TITLE STATEMENT | |
| Title | Energy Extraction from RF/ Microwave Signal |
| 260 ## - PUBLICATION, DISTRIBUTION, ETC. | |
| Place of publication, distribution, etc. | Islamabad, |
| Name of publisher, distributor, etc. | NUST SEECS, |
| Date of publication, distribution, etc. | 2012 |
| 300 ## - PHYSICAL DESCRIPTION | |
| Extent | 70,pages |
| Other physical details | HB, |
| Dimensions | 30,cm. |
| 563 ## - BINDING INFORMATION | |
| Binding note | HB. |
| 700 ## - ADDED ENTRY--PERSONAL NAME | |
| Personal name | Supervisor : Dr. Tauseef Tauqeer |
| 9 (RLIN) | 91883 |
| 856 ## - ELECTRONIC LOCATION AND ACCESS | |
| Uniform Resource Identifier | <a href="http://10.250.8.41:8080/xmlui/handle/123456789/10675">http://10.250.8.41:8080/xmlui/handle/123456789/10675</a> |
| 942 ## - ADDED ENTRY ELEMENTS (KOHA) | |
| Source of classification or shelving scheme | |
| Koha item type | Thesis |
| Withdrawn status | Lost status | Source of classification or shelving scheme | Damaged status | Not for loan | Permanent Location | Current Location | Date acquired | Full call number | Barcode | Date last seen | Price effective from | Koha item type |
|---|---|---|---|---|---|---|---|---|---|---|---|---|
| WITHDRAWN | Central Library (CL) | Central Library (CL) | 05/31/2022 | BEE-5 AYE | SEECSP01137 | 05/31/2022 | 05/31/2022 | Thesis |
